Metro Boomin' Charting Songs (Billboard Hot 100) - Statistics

General Stats
  • This quiz has been taken 257 times
    33 since last reset
  • The average score is 24 of 88
Answer Stats
Album Weeks On Peak Artist(s) Song % Correct
WE DON'T TRUST YOU 32 Weeks #1 (3 Weeks) Future, Metro Boomin' & Kendrick Lamar Like That
97%
Heroes & Villains 46 Weeks #3 Metro Boomin', 21 Savage & The Weeknd Creepin'
90%
WE DON'T TRUST YOU 20 Weeks #2 Future, Metro Boomin', Travi$ Scott & Playboi Carti Type Shit
83%
Heroes & Villains 24 Weeks #8 Metro Boomin', Future & Chris Brown Superhero (Heroes & Villains)
79%
WE DON'T TRUST YOU 8 Weeks #6 Future, Metro Boomin' & Travi$ Scott Cinderella
69%
WE DON'T TRUST YOU 4 Weeks #8 Future & Metro Boomin' We Don't Trust You
69%
Heroes & Villains 13 Weeks #22 Metro Boomin' & Future ft. Don Toliver Too Many Nights
66%
American Dream 10 Weeks #10 21 Savage, Travi$ Scott & Metro Boomin' nee-nah
59%
Savage Mode II 7 Weeks #9 21 Savage & Metro Boomin' Runnin
59%
Heroes & Villains 19 Weeks #42 Metro Boomin', Young Thug & Travi$ Scott Trance
59%
Without Warning 31 Weeks #13 Offset & Metro Boomin' Ric Flair Drip
55%
Savage Mode II 3 Weeks #19 21 Savage & Metro Boomin' Glock in My Lap
52%
WE STILL DON'T TRUST YOU 2 Weeks #22 Future, Metro Boomin' & The Weeknd We Still Don't Trust You
52%
Without Warning 7 Weeks #35 21 Savage, Offset & Metro Boomin' ft. Travi$ Scott Ghostface Killers
45%
Heroes & Villains 2 Weeks #23 Metro Boomin', 21 Savage & Young Nudy Umbrella
45%
WE DON'T TRUST YOU 4 Weeks #9 Future, Metro Boomin' & The Weeknd Young Metro
45%
Savage Mode II 18 Weeks #10 21 Savage & Metro Boomin ft. Drake Mr. Right Now
41%
Savage Mode II 2 Weeks #26 21 Savage & Metro Boomin' ft. Young Thug Rich N***a Shit
41%
NOT ALL HEROES WEAR CAPES 6 Weeks #51 Metro Boomin' ft. Gunna Space Cadet
41%
Savage Mode 21 Weeks #36 21 Savage & Metro Boomin' ft. Future X
41%
Spider-Man: Across the Spider-Verse (Soundtrack from & Inspired by the Motion Picture) 5 Weeks #51 Metro Boomin', A$AP Rocky & Roisee Am I Dreaming
38%
Heroes & Villains 2 Weeks #53 Metro Boomin' ft. Don Toliver Around Me
38%
WE DON'T TRUST YOU 2 Weeks #38 Future & Metro Boomin' Everyday Hustle
38%
Heroes & Villains 1 Week #59 Metro Boomin' & A$AP Rocky ft. Takeoff Feel the Fiyaaaah
38%
American Dream 2 Weeks #35 21 Savage, Lil Durk & Metro Boomin' dangerous
34%
WE DON'T TRUST YOU 3 Weeks #13 Future & Metro Boomin' Ice Attack
34%
Heroes & Villains 2 Weeks #43 Metro Boomin' & Young Thug Metro Spider
34%
Savage Mode 19 Weeks #43 21 Savage & Metro Boomin' No Heart
34%
Heroes & Villains 2 Weeks #48 Metro Boomin' & John Legend On Time
34%
NOT ALL HEROES WEAR CAPES 1 Week #62 Metro Boomin' ft. Travi$ Scott Overdue
34%
Heroes & Villains 1 Week #52 Metro Boomin' & 21 Savage ft. Mustafa Walk Em Down (Don't Kill Civilians)
34%
NOT ALL HEROES WEAR CAPES 4 Weeks #42 Metro Boomin' ft. 21 Savage 10 Freaky Girls
31%
Spider-Man: Across the Spider-Verse (Soundtrack from & Inspired by the Motion Picture) 7 Weeks #41 Metro Boomin', Swae Lee & NAV ft. A Boogie wit da Hoodie Calling
31%
WE DON'T TRUST YOU 1 Week #40 Future & Metro Boomin' GTA
31%
Heroes & Villains 2 Weeks #31 Metro Boomin' & Travi$ Scott Raindrops (Insane)
31%
American Dream 2 Weeks #31 21 Savage, Young Thug & Metro Boomin' pop ur shit
28%
WE STILL DON'T TRUST YOU 1 Week #39 Future, Metro Boomin' & J. Cole Red Leather
28%
Savage Mode II 2 Weeks #32 21 Savage & Metro Boomin' Slidin
28%
Savage Mode II 1 Week #61 21 Savage & Metro Boomin' ft. Young Nudy Snitches & Rats
28%
WE DON'T TRUST YOU 1 Week #52 Future & Metro Boomin' WTFYM
28%
Heroes & Villains 1 Week #55 Metro Boomin' & Future ft. Don Toliver I Can't Save You (Interlude)
24%
Heroes & Villains 1 Week #72 Metro Boomin', Future & Travi$ Scott Lock On Me
24%
Heroes & Villains 6 Weeks #27 Metro Boomin', 21 Savage & Travi$ Scott Niagara Falls (Foot or 2)
24%
WE STILL DON'T TRUST YOU 1 Week #71 Future, Metro Boomin' & A$AP Rocky Show of Hands
24%
A Futuristic Summa 18 Weeks #51 Metro Boomin, Quavo, Breskii & YK NIECE Take Me Thru Dere
24%
WE STILL DON'T TRUST YOU 1 Week #67 Future, Metro Boomin' & The Weeknd All To Myself
21%
Spider-Man: Across the Spider-Verse (Soundtrack from & Inspired by the Motion Picture) 4 Weeks #44 Metro Boomin', Swae Lee, Offset & Lil Wayne Annihilate
21%
NOT ALL HEROES WEAR CAPES 4 Weeks #38 Metro Boomin' ft. 21 Savage Don't Come Out the House
21%
WE DON'T TRUST YOU 2 Weeks #33 Future & Metro Boomin' Fried (She a Vibe)
21%
WE DON'T TRUST YOU 2 Weeks #27 Future & Metro Boomin' Magic Don Juan (Princess Diana)
21%
NOT ALL HEROES WEAR CAPES 5 Weeks #71 Metro Boomin' ft. Offset & Drake No Complaints
21%
Without Warning 3 Weeks #64 21 Savage, Offset & Metro Boomin' ft. Quavo Rap Saved Me
21%
Savage Mode II 1 Week #76 21 Savage & Metro Boomin' RIP Luv
21%
Spider-Man: Across the Spider-Verse (Soundtrack from & Inspired by the Motion Picture) 4 Weeks #54 Metro Boomin' & Coi Leray Self Love
21%
WE DON'T TRUST YOU 1 Week #41 Future & Metro Boomin' Ain't No Love
17%
Double or Nothing 1 Week #67 Big Sean & Metro Boomin' ft. Travi$ Scott Go Legend
17%
Spider-Man: Across the Spider-Verse (Soundtrack from & Inspired by the Motion Picture) 2 Weeks #90 Metro Boomin' & James Blake Hummingbird
17%
Savage Mode II 2 Weeks #33 21 Savage & Metro Boomin' Many Men
17%
Without Warning 2 Weeks #73 21 Savage & Metro Boomin' My Choppa Hate N****s
17%
Savage Mode II 1 Week #56 21 Savage & Metro Boomin' My Dawg
17%
WE DON'T TRUST YOU 1 Week #62 Future & Metro Boomin' Where My Twin @
17%
WE DON'T TRUST YOU 2 Weeks #24 Future & Metro Boomin' Claustrophobic
14%
Without Warning 1 Week #99 21 Savage, Offset & Metro Boomin' Mad Stalkers
14%
Without Warning 1 Week #100 Offset & Metro Boomin' Nightmare
14%
Double or Nothing 2 Weeks #80 Big Sean & Metro Boomin' ft. 21 Savage Pull Up N Wreck
14%
WE DON'T TRUST YOU 2 Weeks #36 Future & Metro Boomin' Runnin Outta Time
14%
WE DON'T TRUST YOU 2 Weeks #20 Future & Metro Boomin' Slimed In
14%
NOT ALL HEROES WEAR CAPES 1 Week #100 Metro Boomin' ft. Travi$ Scott & Young Thug Up to Something
14%
WE STILL DON'T TRUST YOU 1 Week #61 Future, Metro Boomin' & Lil Baby All My Life
10%
Heroes & Villains 1 Week #66 Metro Boomin' & Gunna All the Money
10%
Savage Mode II 1 Week #57 21 Savage & Metro Boomin' Brand New Draco
10%
WE STILL DON'T TRUST YOU 1 Week #51 Future & Metro Boomin' Drink N Dance
7%
Savage Mode II 1 Week #71 21 Savage & Metro Boomin' No Opp Left Behind
7%
WE DON'T TRUST YOU 1 Week #54 Future & Metro Boomin' Seen It All
7%
Spider-Man: Across the Spider-Verse (Soundtrack from & Inspired by the Motion Picture) 2 Weeks #61 Metro Boomin', Future & Lil Uzi Vert All The Way Live
3%
WE STILL DON'T TRUST YOU 1 Week #99 Future & Metro Boomin' Came to the Party
3%
NOT ALL HEROES WEAR CAPES 1 Week #72 Metro Boomin' ft. Swae Lee & Travi$ Scott Dreamcatcher
3%
WE STILL DON'T TRUST YOU 1 Week #54 Future & Metro Boomin' Jealous
3%
American Dream 1 Week #67 21 Savage, Burna Boy & Metro Boomin' just like me
3%
NOT ALL HEROES WEAR CAPES 1 Week #79 Metro Boomin' ft. Travi$ Scott, Kodak Black & 21 Savage No More
3%
WE STILL DON'T TRUST YOU 1 Week #41 Future & Metro Boomin' Out of My Hands
3%
WE STILL DON'T TRUST YOU 1 Week #95 Future & Metro Boomin' Streets Made Me a King
3%
WE STILL DON'T TRUST YOU 1 Week #77 Future & Metro Boomin' This Sunday
3%
WE STILL DON'T TRUST YOU 1 Week #73 Future, Metro Boomin' & Brownstone Luv Bad Bitches
0%
WE STILL DON'T TRUST YOU 1 Week #81 Future & Metro Boomin' Nights Like This
0%
WE STILL DON'T TRUST YOU 1 Week #100 Future & Metro Boomin' Nobody Knows My Struggle
0%
Savage Mode II 1 Week #91 21 Savage & Metro Boomin' Said N Done
0%
Savage Mode II 1 Week #74 21 Savage & Metro Boomin' Steppin on N****s
0%
No matching quizzes found
Score Distribution
Percent of People with Each Score
Percentile by Number Answered
Your Score History
You have not taken this quiz since the last reset